| 000 | 00454nam a2200145 i 4500 | ||
|---|---|---|---|
| 001 | 29598 | ||
| 003 | ES-MaACL | ||
| 007 | t| | ||
| 008 | 030122s1981 sp ||||1| spa d | ||
| 100 | 1 |
_aBarciela López, Carlos. _925551 |
|
| 245 | 1 | 3 |
_aLa financiación del Servicio Nacional del Trigo _b: 1937-1971 / _cCarlos Barciela López. |
| 260 |
_aMadrid : _bBanco de España, _c1981. |
||
| 300 |
_a88 p. : _bil. ; _c24 cm. |
||
| 852 |
_aES-MaACL _jL-3344 _bR.102260 |
||
| 999 |
_c29598 _d29598 |
||